|
|
|
|
| LEADER |
01795njm a2200409 a 4500 |
| 001 |
000899879 |
| 003 |
CZ BrMZK |
| 005 |
20080620090029.0 |
| 007 |
sd fsngnnmmned |
| 008 |
080604s2007 xr zzn g ef d |
| 024 |
3 |
|
|a 8590236038523
|
| 028 |
0 |
1 |
|a CR0385-2
|b Radioservis
|
| 040 |
|
|
|a BOA001
|b cze
|
| 040 |
|
|
|a ABA001
|b cze
|
| 072 |
|
7 |
|a 786
|x Hudba pro klávesové nástroje
|2 Konspekt
|9 9
|
| 080 |
|
|
|a 786.2:785.75
|2 MRF
|
| 080 |
|
|
|a (086.76)
|2 MRF
|
| 100 |
1 |
|
|a Otaki, Michiko,
|d 1958-
|7 jx20080319021
|4 itr
|
| 245 |
1 |
0 |
|a Klavírní kvintety dvou století
|h [zvukový záznam] =
|b Piano quintets of two centuries /
|c Robert Schumann, Bohuslav Martinů
|
| 246 |
3 |
1 |
|a Piano quintets of two centuries
|
| 260 |
|
|
|a Praha :
|b Radioservis,
|c p2007
|
| 300 |
|
|
|a 1 zvuková deska (62:18) :
|b digital, stereo ;
|c 12 cm +
|e 1 brožura (10 s.)
|
| 306 |
|
|
|a 010218
|
| 500 |
|
|
|a Kompaktní deska (DDD)
|
| 500 |
|
|
|a Poznámka Štěpán Graffe
|
| 505 |
0 |
|
|a Klavírní kvintet Es dur op. 44 / Robert Schumann (30:18) -- Klavírní kvintet č. 2 H 298 (1944) / Bohuslav Martinů (31:54)
|
| 511 |
0 |
|
|a Michiko Otaki, klavír ; Graffovo kvarteto
|
| 518 |
|
|
|a Nahráno ve Studiu 1 Českého rozhlasu Brno 24.-26.7.2007
|
| 650 |
0 |
7 |
|a klavírní kvintety
|7 ph254880
|2 czenas
|
| 655 |
|
7 |
|a kompaktní desky
|7 fd201991
|2 czenas
|
| 700 |
1 |
2 |
|a Schumann, Robert,
|d 1810-1856.
|t Kvintet,
|m klavír, housle (2), viola, violoncello,
|n op. 44,
|r Es dur
|7 aun2008446926
|
| 700 |
1 |
2 |
|a Martinů, Bohuslav,
|d 1890-1959.
|t Kvintety,
|m klavír, housle (2), viola, violoncello,
|n č. 2
|7 aun2008446929
|
| 710 |
2 |
|
|a Graffovo kvarteto
|7 pna2005306150
|
| 910 |
|
|
|a BOA001
|b CD-0014.546
|
| 990 |
|
|
|a AV
|
| 991 |
|
|
|b 200806
|
| 996 |
6 |
|
|b 261H016139
|c CD-0014.546
|l MZK
|r Sklad / do 24 hodin
|n 0
|w 000899879
|u 000010
|a 1
|e BOA001
|j MZK50
|s P
|